Statistics for Multi-National Regions

Click here to take the quiz!

General Stats

  • This quiz has been taken 19,015 times
    (13,334 since last reset)
  • The average score is 12 of 20

Answer Stats

States Name % Correct
Estonia, Latvia, Lithuania{Baltic} States
91%
Cuba, Haiti, Jamaica, Saint Lucia, etc...Caribbean
87%
Denmark, Norway, SwedenScandinavia
84%
Denmark, Norway, Sweden, Finland, Iceland{Nordic} Countries
82%
Eritrea, Djibouti, Ethiopia, Somalia{Horn} of Africa
82%
Kazakhstan, Kyrgyzstan, Tajikistan, Turkmenistan, Uzbekistan{Central} Asia
79%
Mexico, Cuba, Haiti, Guatemala, Colombia, Peru, more...{Latin} America
79%
Egypt, Lebanon, Syria, Israel, Saudi Arabia, Iraq, Iran, etc...Middle East
78%
Croatia, Bosnia and Herzegovina, Serbia, Greece, more...Balkans
76%
Belgium, Netherlands, Luxembourg{Low} Countries
71%
Vietnam, Cambodia, Laos, Thailand, MyanmarIndochina
60%
India, Pakistan, Bangladesh, Sri Lanka, Nepal, BhutanIndian {Subcontinent}
51%
Japan, Russia, United States, Chile, etc...Pacific {Rim}
46%
Georgia, Armenia, AzerbaijanCaucasus
41%
D.R. Congo, Tanzania, Nigeria, South Africa, etc....{Sub}-{Saharan} Africa
41%
Saudi Arabia, Iraq, Kuwait, Qatar, Bahrain, U.A.E., Oman{Gulf} States
39%
New Zealand, Tonga, Samoa, TuvaluPolynesia
36%
Lebanon, Syria, Jordan, IsraelLevant
35%
Palau, Marshall Islands, F.S.M., KiribatiMicronesia
35%
Morocco, Algeria, Tunisia, Libya, MauritaniaMaghreb
31%

Score Distribution

Percentile by Number Answered

Percent of People with Each Score

Your Score History

You have not taken this quiz since the last reset